<?xml version="1.0" encoding="UTF-8"?><?xml-stylesheet type="text/xsl" href="static/style.xsl"?><OAI-PMH xmlns="http://www.openarchives.org/OAI/2.0/" xmlns:xsi="http://www.w3.org/2001/XMLSchema-instance" xsi:schemaLocation="http://www.openarchives.org/OAI/2.0/ http://www.openarchives.org/OAI/2.0/OAI-PMH.xsd"><responseDate>2026-04-17T12:04:39Z</responseDate><request verb="GetRecord" identifier="oai:www.recercat.cat:11351/13279" metadataPrefix="marc">https://recercat.cat/oai/request</request><GetRecord><record><header><identifier>oai:recercat.cat:11351/13279</identifier><datestamp>2025-10-24T10:22:13Z</datestamp><setSpec>com_2072_378070</setSpec><setSpec>com_2072_378040</setSpec><setSpec>col_2072_378092</setSpec></header><metadata><record xmlns="http://www.loc.gov/MARC21/slim" xmlns:dcterms="http://purl.org/dc/terms/" xmlns:xsi="http://www.w3.org/2001/XMLSchema-instance" xmlns:doc="http://www.lyncode.com/xoai" xsi:schemaLocation="http://www.loc.gov/MARC21/slim http://www.loc.gov/standards/marcxml/schema/MARC21slim.xsd">
   <leader>00925njm 22002777a 4500</leader>
   <datafield ind2=" " ind1=" " tag="042">
      <subfield code="a">dc</subfield>
   </datafield>
   <datafield ind2=" " ind1=" " tag="720">
      <subfield code="a">Rangelova, Elena</subfield>
      <subfield code="e">author</subfield>
   </datafield>
   <datafield ind2=" " ind1=" " tag="720">
      <subfield code="a">Stoop, Thomas F.</subfield>
      <subfield code="e">author</subfield>
   </datafield>
   <datafield ind2=" " ind1=" " tag="720">
      <subfield code="a">van Ramshorst, Tess M. E.</subfield>
      <subfield code="e">author</subfield>
   </datafield>
   <datafield ind2=" " ind1=" " tag="720">
      <subfield code="a">Ali, Mahsoem</subfield>
      <subfield code="e">author</subfield>
   </datafield>
   <datafield ind2=" " ind1=" " tag="720">
      <subfield code="a">van Bodegraven, Eduard Antonie</subfield>
      <subfield code="e">author</subfield>
   </datafield>
   <datafield ind2=" " ind1=" " tag="720">
      <subfield code="a">Javed, Ammar</subfield>
      <subfield code="e">author</subfield>
   </datafield>
   <datafield ind2=" " ind1=" " tag="720">
      <subfield code="a">Pando, Elizabeth</subfield>
      <subfield code="e">author</subfield>
   </datafield>
   <datafield ind2=" " ind1=" " tag="720">
      <subfield code="a">Mata Mata, Rodrigo José</subfield>
      <subfield code="e">author</subfield>
   </datafield>
   <datafield ind2=" " ind1=" " tag="260">
      <subfield code="c">2025-06-13T10:28:58Z</subfield>
   </datafield>
   <datafield ind2=" " ind1=" " tag="260">
      <subfield code="c">2025-06-13T10:28:58Z</subfield>
   </datafield>
   <datafield ind2=" " ind1=" " tag="260">
      <subfield code="c">2025-05</subfield>
   </datafield>
   <datafield ind2=" " ind1=" " tag="520">
      <subfield code="a">Neoadjuvant therapy; Pancreatic adenocarcinoma; Resectable</subfield>
   </datafield>
   <datafield ind2=" " ind1=" " tag="520">
      <subfield code="a">Terapia neoadyuvante; Adenocarcinoma pancreático; Resecable</subfield>
   </datafield>
   <datafield ind2=" " ind1=" " tag="520">
      <subfield code="a">Teràpia neoadjuvant; Adenocarcinoma pancreàtic; Resecable</subfield>
   </datafield>
   <datafield ind2=" " ind1=" " tag="520">
      <subfield code="a">Background: Left-sided pancreatic cancer is associated with worse overall survival (OS) compared with right-sided pancreatic cancer. Although neoadjuvant therapy is currently seen as not effective in patients with resectable pancreatic cancer (RPC), current randomized trials included mostly patients with right-sided RPC. The purpose of this study was to assess the association between neoadjuvant therapy and OS in patients with left-sided RPC compared with upfront surgery.&#xd;
Patients and methods: This was an international multicenter retrospective study including consecutive patients after left-sided pancreatic resection for pathology-proven RPC, either after neoadjuvant therapy or upfront surgery in 76 centers from 18 countries on 4 continents (2013-2019). The primary endpoint was OS from diagnosis. Time-dependent Cox regression analysis was carried out to investigate the association of neoadjuvant therapy with OS, adjusting for confounders at the time of diagnosis. Adjusted OS probabilities were calculated.&#xd;
Results: Overall, 2282 patients after left-sided pancreatic resection for RPC were included of whom 290 patients (13%) received neoadjuvant therapy. The most common neoadjuvant regimens were (m)FOLFIRINOX (38%) and gemcitabine-nab-paclitaxel (22%). After upfront surgery, 72% of patients received adjuvant chemotherapy, mostly a single-agent regimen (74%). Neoadjuvant therapy was associated with prolonged OS compared with upfront surgery (adjusted hazard ratio 0.69, 95% confidence interval 0.58-0.83) with an adjusted median OS of 53 versus 37 months (P = 0.0003) and adjusted 5-year OS rates of 47% versus 35% (P = 0.0001) compared with upfront surgery. Interaction analysis demonstrated a stronger effect of neoadjuvant therapy in patients with a larger tumor (Pinteraction = 0.003) and higher serum carbohydrate antigen 19-9 (CA19-9; Pinteraction = 0.005). In contrast, the effect of neoadjuvant therapy was not enhanced for splenic artery (Pinteraction = 0.43), splenic vein (Pinteraction = 0.30), retroperitoneal (Pinteraction = 0.84), and multivisceral (Pinteraction = 0.96) involvement.&#xd;
Conclusions: Neoadjuvant therapy in patients with left-sided RPC was associated with improved OS compared with upfront surgery. The impact of neoadjuvant therapy increased with larger tumor size and higher serum CA19-9 at diagnosis. Randomized controlled trials on neoadjuvant therapy specifically in patients with left-sided RPC are needed.</subfield>
   </datafield>
   <datafield ind1="8" ind2=" " tag="024">
      <subfield code="a">http://hdl.handle.net/11351/13279</subfield>
   </datafield>
   <datafield tag="653" ind2=" " ind1=" ">
      <subfield code="a">Pàncrees - Càncer - Tractament</subfield>
   </datafield>
   <datafield tag="653" ind2=" " ind1=" ">
      <subfield code="a">Pàncrees - Càncer - Cirurgia</subfield>
   </datafield>
   <datafield tag="653" ind2=" " ind1=" ">
      <subfield code="a">DISEASES::Neoplasms::Neoplasms by Site::Digestive System Neoplasms::Pancreatic Neoplasms</subfield>
   </datafield>
   <datafield tag="653" ind2=" " ind1=" ">
      <subfield code="a">Other subheadings::Other subheadings::/therapy</subfield>
   </datafield>
   <datafield tag="653" ind2=" " ind1=" ">
      <subfield code="a">ANALYTICAL, DIAGNOSTIC AND THERAPEUTIC TECHNIQUES, AND EQUIPMENT::Therapeutics::Combined Modality Therapy::Neoadjuvant Therapy</subfield>
   </datafield>
   <datafield tag="653" ind2=" " ind1=" ">
      <subfield code="a">ANALYTICAL, DIAGNOSTIC AND THERAPEUTIC TECHNIQUES, AND EQUIPMENT::Surgical Procedures, Operative::Digestive System Surgical Procedures::Pancreatectomy</subfield>
   </datafield>
   <datafield tag="653" ind2=" " ind1=" ">
      <subfield code="a">ENFERMEDADES::neoplasias::neoplasias por localización::neoplasias del sistema digestivo::neoplasias pancreáticas</subfield>
   </datafield>
   <datafield tag="653" ind2=" " ind1=" ">
      <subfield code="a">Otros calificadores::Otros calificadores::/terapia</subfield>
   </datafield>
   <datafield tag="653" ind2=" " ind1=" ">
      <subfield code="a">TÉCNICAS Y EQUIPOS ANALÍTICOS, DIAGNÓSTICOS Y TERAPÉUTICOS::terapéutica::tratamiento combinado::tratamiento neoadyuvante</subfield>
   </datafield>
   <datafield tag="653" ind2=" " ind1=" ">
      <subfield code="a">TÉCNICAS Y EQUIPOS ANALÍTICOS, DIAGNÓSTICOS Y TERAPÉUTICOS::intervenciones quirúrgicas::procedimientos quirúrgicos del sistema digestivo::pancreatectomía</subfield>
   </datafield>
   <datafield ind2="0" ind1="0" tag="245">
      <subfield code="a">The impact of neoadjuvant therapy in patients with left-sided resectable pancreatic cancer: an international multicenter study</subfield>
   </datafield>
</record></metadata></record></GetRecord></OAI-PMH>